[Event "Valdivia op 2nd"]
[Site "Valdivia"]
[Date "2021.09.19"]
[Round "5"]
[White "Cabbada Bergez, Anibal"]
[Black "Marrujo Pardo, Mauricio Emmanuel"]
[Result "0-1"]
[WhiteElo "1609"]
[BlackElo "1969"]
[PlyCount "62"]
[EventDate "2021.09.16"]
[EventType "swiss"]
[EventRounds "6"]
[EventCountry "CHI"]
[SourceTitle "CBM 204 Extra"]
[Source "ChessBase"]
[SourceDate "2021.11.30"]
[SourceVersion "1"]
[SourceVersionDate "2021.11.30"]
[SourceQuality "1"]

1. e4 e5 2. Nf3 Nc6 3. d4 exd4 4. Nxd4 Bb4+ 5. c3 Bc5 6. Be3 Bb6 7. Nf5 Bxe3 8. Nxe3 Nf6 9. f3 0-0 10. c4 Re8 11. Nc3 Nh5 12. Be2 Qh4+ 13. g3 Nxg3 14. Ng2 Qh6 15. Rg1 Qxh2 16. Kd2 Qh6+ 17. Ne3 Nf5 18. Ncd5 Nb4 19. Qb3 Nxd5 20. cxd5 Nxe3 21. Qxe3 Qxe3+ 22. Kxe3 d6 23. Rac1 Re7 24. Rc2 Bf5 25. Kf4 Bg6 26. b4 Rf8 27. Kg3 f5 28. Bd3 fxe4 29. fxe4 Ref7 30. Kg2 Rf3 31. Rd1 Rxd3 0-1